Geography Quiz

Random Geography or City Quiz
Score 0/36 Timer 07:00
1 Play Today
% Correct
Buenos Aires
96.5%
Lima
85.4%
Caracas
84.7%
Rio de Janeiro
84.3%
Bogotá
82.3%
São Paulo
81.8%
Santiago
81.3%
Montevideo
78.5%
Quito
77.9%
La Paz
76.7%
Asunción
72.1%
Georgetown
68.4%
Medellín
64.1%
Paramaribo
58.7%
Córdoba
51.4%
Cali
50.5%
Guayaquil
46.5%
De Nieuwe Grond
45.3%
% Correct
Salvador
44.4%
Rosario
42%
New Amsterdam
41.3%
Maracaibo
41%
Arequipa
32.5%
Santa Cruz de la Sierra
32%
Koewarasan
30.3%
Concepción
27.8%
Valparaíso
27.4%
El Alto
27.3%
Linden
26.6%
Valencia
26%
Ciudad del Este
25.2%
Ciudad de la Costa
23.3%
Trujillo
22.9%
Cuenca
21%
Salto
17.6%
San Lorenzo
15.6%
Remove Ads.
Support Sporcle.
Get the best of Sporcle when you Go Orange. This ad-free experience offers more features, more stats, and more fun while also helping to support Sporcle. Thank you for becoming a member.

You're not logged in!

Compare scores with friends on all Sporcle quizzes.
OR
Log In

Show Comments

Extras

Top Quizzes Today


Score Distribution

Your Account Isn't Verified!

In order to create a playlist on Sporcle, you need to verify the email address you used during registration. Go to your Sporcle Settings to finish the process.

Report this User

Report this user for behavior that violates our Community Guidelines.

Details: